|
|
|
|
| LEADER |
01317njm a2200337 a 4500 |
| 001 |
000461715 |
| 003 |
CZ BrMZK |
| 005 |
20000105143423.0 |
| 008 |
000105s1970 xr f und d |
| 028 |
0 |
3 |
|a 1 10 0749
|b Supraphon
|
| 040 |
|
|
|a BOA001
|b cze
|
| 080 |
|
|
|a 78.082.1"18"(086.7)
|2 MRF
|
| 100 |
1 |
|
|a Mozart, Wolfgang Amadeus,
|d 1756-1791
|7 jn19990005867
|4 cmp
|
| 245 |
1 |
0 |
|a Symfonie č. 34 C dur, K. 338 ;
|b Symfonie č. 31 D dur, Pařížská, K. 297 ; Symfonie č. 26 Es dur, K. 184
|h [zvukový záznam] /
|c Wolfgang Amadeus Mozart.
|
| 246 |
1 |
4 |
|a Symfonie
|
| 260 |
|
|
|a Praha :
|b Supraphon,
|c p1970
|
| 300 |
|
|
|a 1 LP deska :
|b 33 ot/min, stereo ;
|c 30 cm
|
| 490 |
1 |
|
|a Gramofonový klub
|
| 500 |
|
|
|a Nahr. neuv
|
| 500 |
|
|
|a Durata neuv
|
| 511 |
0 |
|
|a Berlínští filharmonikové, dir. Karl Böhn.
|
| 653 |
0 |
|
|a symfonický orchestr
|a symfonie
|a vídeňský klasicismus
|
| 700 |
1 |
|
|a Böhm, Karl,
|d 1894-1981
|7 ola2002153465
|4 cnd
|
| 710 |
2 |
|
|a Berliner Philharmoniker
|7 kn20020506005
|
| 740 |
0 |
2 |
|a Symfonie č. 31 D dur, Pařížská, K. 297
|
| 740 |
0 |
2 |
|a Symfonie č. 26 Es dur, K. 184
|
| 830 |
|
0 |
|a Gramofonový klub
|
| 910 |
|
|
|a BOA001
|b LP-0008.179
|
| 964 |
|
|
|a Symfonie
|z stol.18.
|x LP
|
| 990 |
|
|
|a AV
|
| 996 |
6 |
|
|b 261H008774
|c LP-0008.179
|l MZK
|r Sklad / do 24 hodin
|n 0
|p kup
|w 000461715
|u 000010
|a 1
|e BOA001
|j MZK50
|s P
|